Pays Bordant des Pays Enclavés - Mort Subite - Statistiques

Statistiques générales
  • Ce quiz a été pris 68 fois
  • Le résultat moyen est 6 sur 15
Answers on the Grid
Answers color-coded by a green-red scale on the quiz's grid according to % correct below.
Norvège
Trinité-et-Tobago
France
Turkménistan
Angola
Bénin
Bhoutan
Brésil
Djibouti
Estonie
Gabon
Guinée-Bissau
Indonésie
Italie
Mongolie
Monténégro
Maroc
Pays-Bas
Pérou
Arabie Saoudite
Espagne
Turquie
États-Unis
Viêt Nam
Chili
Australie
Suisse
Bangladesh
Ukraine
Lesotho
 
Statistiques - réponses
Réponse % Correct
France
66%
Italie
62%
Ukraine
55%
Suisse
51%
Brésil
47%
Espagne
45%
Viêt Nam
45%
Chili
40%
Djibouti
36%
Pérou
36%
Monténégro
32%
Bénin
28%
Turkménistan
28%
Angola
26%
Turquie
23%
Aucun quiz correspondant
Distribution des résultats
% des personnes avec chaque résultat
Percentile par nombre de réponses
Votre historique - résultats
Vous n’avez pas pris ce quiz